Hình thành khả năng sáng tạo Mỹ thuật trên một số nguyên vật liệu đã qua sử dụng cho sinh viên ngành Giáo dục Mầm non tại Trường Đại học Quảng Bình Báo cáo tổng kết đề tài khoa học và công nghệ cấp cơ sở
Nghiên cứu một số vấn đề lí luận và thực tiễn mang tính sáng tạo nói chung. Nghiên cứu những khả năng sáng tạo Mỹ thuật qua vật liệu tái chế.
Đã lưu trong:
| Tác giả chính: | |
|---|---|
| Định dạng: | Sách |
| Năm xuất bản: |
Quảng Bình
Đại học Quảng Bình
2018
|
| Chủ đề: | |
| Tags: |
Thêm thẻ
Không có thẻ, Hãy là người đầu tiên gắn thẻ bản ghi này!
|
| LEADER | 01088nam a2200145 4500 | ||
|---|---|---|---|
| 999 | |c 16414 |d 16414 | ||
| 082 | |a 372.21 |b B510Th | ||
| 100 | |a Nguyễn Chiêu Sinh | ||
| 245 | |a Hình thành khả năng sáng tạo Mỹ thuật trên một số nguyên vật liệu đã qua sử dụng cho sinh viên ngành Giáo dục Mầm non tại Trường Đại học Quảng Bình |b Báo cáo tổng kết đề tài khoa học và công nghệ cấp cơ sở |c Nguyễn Chiêu Sinh, Nguyễn Đại Thăng, Lê Thị Lan Phương.. | ||
| 260 | |a Quảng Bình |b Đại học Quảng Bình |c 2018 | ||
| 300 | |a 63tr. |c 28cm | ||
| 520 | |a Nghiên cứu một số vấn đề lí luận và thực tiễn mang tính sáng tạo nói chung. Nghiên cứu những khả năng sáng tạo Mỹ thuật qua vật liệu tái chế. | ||
| 653 | |a Giáo dục Mầm non |a Sáng tạo |a Mỹ thuật |a Đề tài nghiên cứu khoa học |a Giảng viên | ||
| 942 | |2 ddc |c NCKH | ||
| 952 | |0 0 |1 0 |2 ddc |4 0 |6 372_210000000000000_B510TH |7 0 |8 300 |9 119387 |a qbu |b qbu |c D1 |d 2021-11-18 |g 80000 |o 372.21 B510Th |p NCKH130.C1 |r 2021-11-18 |w 2021-11-18 |y NCKH | ||